Elements of statistical thermodynamics (Record no. 158990)

MARC details
000 -LEADER
fixed length control field 00757nam a2200217Ia 4500
008 - FIXED-LENGTH DATA ELEMENTS--GENERAL INFORMATION
fixed length control field 191130s2006##################000#0#eng##
020 ## - INTERNATIONAL STANDARD BOOK NUMBER
ISBN 9780486449784
082 ## - DEWEY DECIMAL CLASSIFICATION NUMBER
Classification number 536.7 NAS
100 ## - MAIN ENTRY--AUTHOR NAME
Personal name Nash, Leonard Kollender
245 ## - TITLE STATEMENT
Title Elements of statistical thermodynamics
Statement of responsibility, etc Leonard K. Nash
250 ## - EDITION STATEMENT
Edition statement 2nd ed
260 ## - PUBLICATION, DISTRIBUTION, ETC. (IMPRINT)
Place of publication Mineola, NY
Name of publisher Dover Publications
Year of publication 2006
300 ## - PHYSICAL DESCRIPTION
Number of Pages 138 p. : ill. ; 22 cm
500 ## - GENERAL NOTE
General note Originally published: 2nd ed. Reading, Mass. : Addison-Wesley Pub. Co., 1974, in series: Addison-Wesley series in the principles of chemistry. Includes index
650 ## - SUBJECT ADDED ENTRY--TOPICAL TERM
Topical Term Statistical thermodynamics
991 ## -
-- 275076
Holdings
Withdrawn status Lost status Damaged status Not for loan Home library Current library Shelving location Date acquired Full call number Accession Number Price effective from Koha item type
        Anna Centenary Library Anna Centenary Library 5TH FLOOR, A WING 12.10.2020 536.7 NAS 443117 12.10.2020 English Books

Find us on the map